| 000 | 00406nam a22001457a 4500 | ||
|---|---|---|---|
| 999 |
_c53985 _d53982 |
||
| 082 | _a621.81MOD | ||
| 100 | _aModi, P.N | ||
| 245 | _aHydraulics and Fluid Mechanics Including Hydraulics Machines | ||
| 260 |
_aNew Delhi: _bStandard Book House, _c2011. |
||
| 650 | _aFluid Mechanics | ||
| 650 | _aHydraulics | ||
| 700 | _aSeth, S.M. | ||
| 856 | _uhttp://10.10.170.122:8080/browse/book/20643 | ||
| 942 | _cBK | ||